书目信息 |
| 题名: |
博弈论及其在经济管理中的应用
|
|
| 作者: | 郑长德 编著 | |
| 分册: | ||
| 出版信息: | 成都 电子科技大学出版社 2009.01 |
|
| 页数: | 261页 | |
| 开本: | 26cm | |
| 丛书名: | ||
| 单 册: | ||
| 中图分类: | F224.32 | |
| 科图分类: | ||
| 主题词: | 对策论--dui ce lun--应用--经济管理--研究 | |
| 电子资源: | ||
| ISBN: | 978-7-5647-0038-6 | |
| 000 | 00977nam0 2200241 450 | |
| 001 | 012009843849 | |
| 005 | 20090921094122.26 | |
| 010 | @a978-7-5647-0038-6@dCNY33.80 | |
| 100 | @a20090921d2009 em y0chiy0120 ea | |
| 101 | 0 | @achi |
| 102 | @aCN@b510000 | |
| 105 | @aak a 000yy | |
| 106 | @ar | |
| 200 | 1 | @a博弈论及其在经济管理中的应用@Abo yi lun ji qi zai jing ji guan li zhong de ying yong@f郑长德编著@Fzheng chang de bian zhu |
| 210 | @a成都@c电子科技大学出版社@d2009.01 | |
| 215 | @a261页@c图@d26cm | |
| 320 | @a有书目 (第259-261页) | |
| 330 | @a本书对博弈论的主要内容和研究方法及其在经济管理中的应用作了讨论和分析。 全书有四个部分, 每个部分所研究的博弈及其应用都有共同的信息结构。 每个部分都从所考察的博弈的均衡概念和解方法的介绍开始, 然后是它们在经济管理中的应用。 | |
| 606 | 0 | @a对策论@Adui ce lun@x应用@x经济管理@x研究 |
| 690 | @aF224.32@v4 | |
| 701 | 0 | @a郑长德@Azheng chang de@4编著 |
| 801 | 0 | @aCN@bQSSK@c20090921 |
| 905 | @b757927-29@dF224.32@eZ425@f3 | |
| 博弈论及其在经济管理中的应用/郑长德编著.-成都:电子科技大学出版社,2009.01 |
| 261页:图;26cm |
| ISBN 978-7-5647-0038-6:CNY33.80 |
| 本书对博弈论的主要内容和研究方法及其在经济管理中的应用作了讨论和分析。 全书有四个部分, 每个部分所研究的博弈及其应用都有共同的信息结构。 每个部分都从所考察的博弈的均衡概念和解方法的介绍开始, 然后是它们在经济管理中的应用。 |
| ● |
| 相关链接 |
|
|
|
正题名:博弈论及其在经济管理中的应用
索取号:F224.32/Z425
 
预约/预借
| 序号 | 登录号 | 条形码 | 馆藏地/架位号 | 状态 | 备注 |
| 1 | 757927 | 207579271 | 社科库409/409社科库 73排2列2层/ [索取号:F224.32/Z425] | 在馆 | |
| 2 | 757928 | 207579280 | 社科库409/409社科库 73排2列2层/ [索取号:F224.32/Z425] | 在馆 | |
| 3 | 757929 | 207579299 | 社科库409/409社科库 73排2列2层/ [索取号:F224.32/Z425] | 在馆 |